000 00829nam a22001697a 4500
005 20260123085718.0
008 230711b ||||| |||| 00| 0 eng d
040 _cSSBUL
_dSSBUL
082 _223
_a၈၉၅.၈၅
245 _aနိုင်ငံတောငြိမ်ဝပ်ပိပြားမှုတည်ဆောက်ရေးအဖွဲ့အတွင်းရေးမှူး (၁)... /
260 _aရန်ကုန်၊
_bကြေးမုံသတင်းစာတိုက်၊
_c၁၉၉၁။
300 _a၁၀၂ စာမျက်နှာ၊
_c၂၃ စင်တီ။
500 _aS-SAT: Dr. Prof Sai Aung Tun
650 _aမြန်မာမိန့်ခွန်းများ။
_927776
650 _aမိန့်ခွန်းများ။
_927777
942 _2ddc
_cBK1
999 _c27043
_d27043